| 000 | 00540nam a22001817a 4500 | ||
|---|---|---|---|
| 999 |
_c124310 _d124310 |
||
| 005 | 20211013093931.0 | ||
| 008 | 211013b ||||| |||| 00| 0 eng d | ||
| 020 | _a9783030719449 | ||
| 040 | _cPK-LaUMT | ||
| 082 |
_a711.40285 _bGEO- |
||
| 245 |
_aGeospatial technology and smart cities : _bICT, geoscience modeling, GIS and remote sensing / _cedited by Poonam Sharma |
||
| 260 |
_aSwitzerland : _bSpringer, _c2021 |
||
| 300 | _a497 p. | ||
| 650 | _aCity planning | ||
| 650 | _aCities and towns | ||
| 650 | _aUrban areas | ||
| 942 | _cBK | ||